Fashioned speech, full communication : aspects of eastern Sumban language

Bibliographic Details
Published in:To speak in pairs, ed. by James J. Fox, Cambridge, 1988, P. 129-160 (Cambridge studies in oral and literate culture)
Main Author: Forth, Gregory
Content type: Article
Published: 1988
Source:MPIPL_cat

MARC

LEADER 00000naa a2200000 u 4500
001 PL0052336
003 PLI01000000000000000052069
005 00000000000000.0
008 ||| u
100 1 |a Forth, Gregory 
245 0 0 |a Fashioned speech, full communication  |b aspects of eastern Sumban language  |c Gregory Forth 
260 |c 1988 
773 0 8 |t To speak in pairs  |a ed. by James J. Fox  |d Cambridge, 1988  |g P. 129-160  |k Cambridge studies in oral and literate culture  |w MPIPL_cat.PL0052330  |z 0-521-34332-1  |i In: 
952 |j 1988  |h P. 129-160 
996 |a Aufsatz 
997 |a book chapter